[Event "LAT-ch"]
[Site "Riga"]
[Date "2017.05.02"]
[Round "4"]
[White "Horobrijs, Daniils"]
[Black "Beks, Edmunds"]
[Result "1-0"]
[WhiteElo "1826"]
[BlackElo "2058"]
[PlyCount "155"]
[EventDate "2017.04.30"]
[EventType "swiss"]
[EventRounds "9"]
[EventCountry "LAT"]
[SourceTitle "CBM 178 Extra"]
[Source "ChessBase"]
[SourceDate "2017.06.22"]
[SourceVersion "1"]
[SourceVersionDate "2017.06.22"]
[SourceQuality "1"]

1. e4 e5 2. Nf3 Nf6 3. Nxe5 d6 4. Nf3 Nxe4 5. d4 d5 6. Bd3 Be7 7. 0-0 Nc6 8. c4 Nb4 9. cxd5 Nxd3 10. Qxd3 Nf6 11. Nc3 0-0 12. Bf4 a6 13. Rfe1 Re8 14. Qc4 Bd6 15. Rxe8+ Nxe8 16. Ne5 Bf5 17. Bg3 Be7 18. Nxf7 Kxf7 19. d6+ Be6 20. d5 Nxd6 21. dxe6+ Kf8 22. Qf4+ Kg8 23. Rd1 Qc8 24. Nd5 Qxe6 25. Nxc7 Qe2 26. Qf3 Qxf3 27. gxf3 Rc8 28. Nd5 Bf8 29. Bxd6 Bxd6 30. Nf6+ gxf6 31. Rxd6 Rc2 32. Rb6 Kg7 33. Rxb7+ Kg6 34. a4 a5 35. Rb5 h5 36. Kg2 Rd2 37. b3 Rd3 38. Kg3 Rc3 39. Rxa5 Rxb3 40. Ra8 Kf5 41. a5 h4+ 42. Kg2 Ra3 43. a6 Kg5 44. a7 Kf5 45. Rh8 Rxa7 46. Rxh4 Rg7+ 47. Kh3 Rg1 48. Rg4 Rf1 49. Kg2 Ra1 50. h4 Ra7 51. Kg3 Rh7 52. Rf4+ Ke5 53. Ra4 Rg7+ 54. Kh3 Rg1 55. Rg4 Ra1 56. Rg2 Kf5 57. Rg4 Rb1 58. Kg2 Rb7 59. Kg3 Rh7 60. Rf4+ Ke5 61. Rb4 Rg7+ 62. Rg4 Rh7 63. Rg8 Kf5 64. Rg4 Rh8 65. Kh3 Rh7 66. Rb4 Rg7 67. h5 Rg1 68. Kh2 Rg7 69. h6 Rh7 70. Rh4 Kg5 71. Kg3 f5 72. f4+ Kg6 73. Kf3 Rxh6 74. Rxh6+ Kxh6 75. Ke3 Kh5 76. Kd4 Kh4 77. Ke5 Kg4 78. f3+ 1-0

[Event "LAT-ch"]
[Site "Riga"]
[Date "2017.05.01"]
[Round "3"]
[White "Beks, Edmunds"]
[Black "Osis, Reinars"]
[Result "0-1"]
[WhiteElo "2058"]
[BlackElo "2161"]
[PlyCount "170"]
[EventDate "2017.04.30"]
[EventType "swiss"]
[EventRounds "9"]
[EventCountry "LAT"]
[SourceTitle "CBM 178 Extra"]
[Source "ChessBase"]
[SourceDate "2017.06.22"]
[SourceVersion "1"]
[SourceVersionDate "2017.06.22"]
[SourceQuality "1"]

1. e4 c5 2. Nf3 Nc6 3. Bb5 Qc7 4. Nc3 e6 5. Bxc6 bxc6 6. 0-0 d6 7. e5 dxe5 8. Qe2 f6 9. b3 Ne7 10. Na4 Nd5 11. Ba3 Qa5 12. Qe4 Bd7 13. Bb2 Bd6 14. c4 Ne7 15. g4 h5 16. h3 hxg4 17. hxg4 Rh6 18. Qd3 Qc7 19. g5 Rg6 20. Rfe1 Nf5 21. Ba3 Kf7 22. Bxc5 Bxc5 23. Nxc5 Rd8 24. Qc3 Nd4 25. Nxd4 exd4 26. Qxd4 Rxg5+ 27. Kf1 Bc8 28. Qe3 Re5 29. Qg3 Rxe1+ 30. Kxe1 e5 31. Ke2 Qa5 32. Qe3 Rd4 33. Ne4 Bf5 34. f3 Qa3 35. Nc3 Rd3 36. Qxd3 Bxd3+ 37. Kxd3 Qd6+ 38. Ke2 Qd4 39. Rc1 f5 40. Rh1 Kg8 41. Rh5 g6 42. Rg5 Kf7 43. Rg2 Kf6 44. a3 a5 45. Rf2 g5 46. Rf1 Kg6 47. Rf2 Qd6 48. Kd1 Qxa3 49. Kc2 Qd6 50. d3 Qd4 51. Nd1 Qa1 52. Nc3 Qg1 53. Nd1 Qe1 54. Rg2 Qh1 55. Rf2 Qg1 56. Kd2 Kf6 57. Ke2 Ke6 58. Kd2 Kd6 59. Re2 Qb6 60. Kc2 Qd4 61. Rg2 Qf4 62. Rf2 Kc5 63. Re2 Kb4 64. Nc3 Qd4 65. Na2+ Ka3 66. Nc3 Kb4 67. Na2+ Kc5 68. Nc3 Kd6 69. Nd1 g4 70. fxg4 Qxg4 71. Rf2 Qh3 72. Nc3 Ke6 73. Kd2 Qh1 74. Nd1 Qg1 75. Ke2 Qg4+ 76. Kd2 Qd4 77. Kc2 f4 78. Rf3 Qg1 79. Kd2 Qg2+ 80. Rf2 Qg3 81. Ke2 Kd6 82. Rf3 Qg2+ 83. Rf2 Qg4+ 84. Kd2 Qg3 85. Ke2 Kc5 0-1

[Event "Bialystok Zamenhof Memorial 35th"]
[Site "Bialystok"]
[Date "2016.12.28"]
[Round "3"]
[White "Pietruszewski, Marcin"]
[Black "Beks, Edmunds"]
[Result "1-0"]
[WhiteElo "2208"]
[BlackElo "2068"]
[PlyCount "41"]
[EventDate "2016.12.27"]
[EventType "swiss (rapid)"]
[EventRounds "9"]
[EventCountry "POL"]
[SourceTitle "CBM 176 Extra"]
[Source "ChessBase"]
[SourceDate "2017.03.02"]
[SourceVersion "1"]
[SourceVersionDate "2017.03.02"]
[SourceQuality "1"]

1. e4 e5 2. Nf3 Nf6 3. Nxe5 d6 4. Nf3 Nxe4 5. Nc3 Nxc3 6. dxc3 Be7 7. Bf4 0-0 8. Qd2 Nd7 9. 0-0-0 Nc5 10. Kb1 Rb8 11. Bd3 Nxd3 12. Qxd3 Bd7 13. h4 h6 14. Ng5 hxg5 15. hxg5 g6 16. Qd4 f6 17. Qd5+ Rf7 18. Rh8+ Kxh8 19. Qxf7 Bg4 20. Rh1+ Bh5 21. Qxg6 1-0

[Event "Narva Baltic Stars"]
[Site "Narva"]
[Date "2015.12.11"]
[Round "3"]
[White "Beks, Edmunds"]
[Black "Lindholm, Jere"]
[Result "1-0"]
[WhiteElo "1958"]
[BlackElo "1825"]
[PlyCount "65"]
[EventDate "2015.12.09"]
[EventType "team-tourn"]
[EventRounds "5"]
[EventCountry "EST"]
[SourceTitle "CBM 170 Extra"]
[Source "ChessBase"]
[SourceDate "2016.02.25"]
[SourceVersion "1"]
[SourceVersionDate "2016.02.25"]
[SourceQuality "1"]

1. e4 e6 2. d4 d5 3. Nd2 Nf6 4. e5 Nfd7 5. Bd3 c5 6. c3 Nc6 7. Ne2 Qb6 8. Nf3 f6 9. exf6 Nxf6 10. 0-0 Bd6 11. b3 0-0 12. Bg5 e5 13. dxe5 Nxe5 14. Nxe5 Bxe5 15. Qc2 h6 16. Bf4 Qd6 17. Bxe5 Qxe5 18. Rae1 Bd7 19. Ng3 Qf4 20. Bg6 Bb5 21. Nf5 Kh8 22. g3 Qg5 23. Nh4 Ng4 24. f4 Qf6 25. Bf5 h5 26. Ng6+ Kg8 27. Be6+ Rf7 28. Bxf7+ Qxf7 29. Re7 Qf6 30. Rfe1 d4 31. c4 Bc6 32. R1e6 d3 33. Qxd3 1-0

[Event "Moscow Dvorkovich Cup U16 10th"]
[Site "Moscow"]
[Date "2015.06.27"]
[Round "5.1"]
[White "Beks, Edmunds"]
[Black "Sibashvili, Giorgi"]
[Result "0-1"]
[WhiteElo "2043"]
[BlackElo "2388"]
[PlyCount "52"]
[EventDate "2015.06.23"]
[EventType "team-tourn"]
[EventRounds "7"]
[EventCountry "RUS"]
[SourceTitle "CBM 167 Extra"]
[Source "ChessBase"]
[SourceDate "2015.09.14"]
[SourceVersion "1"]
[SourceVersionDate "2015.09.14"]
[SourceQuality "1"]
[WhiteTeam "Latvia (U16)"]
[BlackTeam "Georgia (U16)"]
[WhiteTeamCountry "LAT"]
[BlackTeamCountry "GEO"]

1. e4 e6 2. d4 d5 3. Nd2 Nf6 4. e5 Nfd7 5. Bd3 c5 6. c3 b6 7. f4 Ba6 8. Bxa6 Nxa6 9. Ndf3 Be7 10. Ne2 0-0 11. 0-0 Nc7 12. g4 f6 13. Ng3 fxe5 14. fxe5 b5 15. Be3 a5 16. g5 b4 17. h4 bxc3 18. bxc3 cxd4 19. cxd4 Nb6 20. Qd3 Qd7 21. Nd2 Bb4 22. g6 h6 23. Nh5 Qb5 24. Qxb5 Nxb5 25. Nf3 Nc4 26. Kf2 Bd2 0-1

[Event "Moscow Dvorkovich Cup U16 10th"]
[Site "Moscow"]
[Date "2015.06.26"]
[Round "4.13"]
[White "Oparin, Grigoriy"]
[Black "Beks, Edmunds"]
[Result "1/2-1/2"]
[WhiteElo "2571"]
[BlackElo "2043"]
[PlyCount "85"]
[EventDate "2015.06.23"]
[EventType "team-tourn"]
[EventRounds "7"]
[EventCountry "RUS"]
[SourceTitle "CBM 167 Extra"]
[Source "ChessBase"]
[SourceDate "2015.09.14"]
[SourceVersion "1"]
[SourceVersionDate "2015.09.14"]
[SourceQuality "1"]
[WhiteTeam "Dvorkovich Chess Parlour (U16)"]
[BlackTeam "Latvia (U16)"]
[WhiteTeamCountry "RUS"]
[BlackTeamCountry "LAT"]

1. d4 d5 2. c4 dxc4 3. Nf3 Nf6 4. e3 a6 5. Bxc4 e6 6. 0-0 b5 7. Be2 Nbd7 8. a4 b4 9. b3 Bb7 10. Bb2 Be7 11. Nbd2 c5 12. a5 Rc8 13. Bc4 cxd4 14. Bxd4 Bc5 15. Qe2 Ra8 16. Bb2 0-0 17. Rfd1 Qe7 18. Rac1 Rfd8 19. Bd3 Nd5 20. Ne4 f6 21. Nxc5 Nxc5 22. Bxh7+ Kxh7 23. Qc2+ Kg8 24. Qxc5 Qxc5 25. Rxc5 Nf4 26. Rxd8+ Rxd8 27. Bd4 Ne2+ 28. Kf1 Bxf3 29. gxf3 Nxd4 30. exd4 Rxd4 31. Rc6 Rd3 32. Ke2 Rxb3 33. Rxe6 Ra3 34. Rxa6 b3 35. Ra8+ Kh7 36. a6 b2 37. Rb8 Rxa6 38. Rxb2 Ra4 39. Kf1 g5 40. Kg2 f5 41. Rb6 Kg7 42. Kg3 Rc4 43. Ra6 1/2-1/2

[Event "Moscow Dvorkovich Cup U16 10th"]
[Site "Moscow"]
[Date "2015.06.23"]
[Round "1.9"]
[White "Beks, Edmunds"]
[Black "Barseghyan, Harutyun"]
[Result "0-1"]
[WhiteElo "2043"]
[BlackElo "2218"]
[PlyCount "62"]
[EventDate "2015.06.23"]
[EventType "team-tourn"]
[EventRounds "7"]
[EventCountry "RUS"]
[SourceTitle "CBM 167 Extra"]
[Source "ChessBase"]
[SourceDate "2015.09.14"]
[SourceVersion "1"]
[SourceVersionDate "2015.09.14"]
[SourceQuality "1"]
[WhiteTeam "Latvia (U16)"]
[BlackTeam "Armenia (U16)"]
[WhiteTeamCountry "LAT"]
[BlackTeamCountry "ARM"]

1. e4 e6 2. d4 d5 3. Nd2 Be7 4. Bd3 c5 5. c3 cxd4 6. cxd4 Nc6 7. Ngf3 dxe4 8. Nxe4 Nf6 9. 0-0 0-0 10. a3 Nxd4 11. Nxf6+ Bxf6 12. Be4 e5 13. Qd3 g6 14. Nxd4 exd4 15. Qf3 Be5 16. Kh1 Qd6 17. Bd2 a5 18. Rad1 Ra7 19. b4 b6 20. Bc3 Rd8 21. Rd2 Rc7 22. Bb2 f5 23. Bb1 Bb7 24. Qh3 axb4 25. Ba2+ Kg7 26. Qb3 bxa3 27. Bxa3 Qd5 28. Qh3 Qa5 29. Rd3 Ba6 30. Qh4 Bxd3 31. Qxd8 Qxa3 0-1

[Event "Plunge op 34th"]
[Site "Plateliai"]
[Date "2014.07.19"]
[Round "8"]
[White "Pultinevicius, Paulius"]
[Black "Beks, Edmunds"]
[Result "1-0"]
[WhiteElo "2001"]
[BlackElo "1923"]
[PlyCount "26"]
[EventDate "2014.07.14"]
[EventType "swiss"]
[EventRounds "9"]
[EventCountry "LTU"]
[SourceTitle "EXT 2015"]
[Source "ChessBase"]
[SourceDate "2014.11.20"]
[SourceVersion "1"]
[SourceVersionDate "2014.11.20"]
[SourceQuality "1"]

1. Nf3 d5 2. g3 c5 3. Bg2 Nc6 4. 0-0 e5 5. d3 Be7 6. e4 Nf6 7. Nbd2 0-0 8. h3 h6 9. exd5 Nxd5 10. Ne1 Bf6 11. Ne4 Be7 12. Nc3 Nxc3 13. bxc3 f6 1-0

[Event "EU-ch U16 23rd"]
[Site "Budva"]
[Date "2013.10.06"]
[Round "7"]
[White "Beks, Edmunds"]
[Black "Suarez Gomez, Julio"]
[Result "0-1"]
[WhiteElo "1923"]
[BlackElo "2111"]
[PlyCount "76"]
[EventDate "2013.09.29"]
[EventType "swiss"]
[EventRounds "9"]
[EventCountry "MNE"]
[SourceTitle "CBM 156 Extra"]
[Source "ChessBase"]
[SourceDate "2013.10.22"]
[SourceVersion "1"]
[SourceVersionDate "2013.10.22"]
[SourceQuality "1"]

1. e4 e6 2. d4 d5 3. e5 c5 4. c3 Qb6 5. Nf3 Nc6 6. a3 c4 7. Be2 Na5 8. Nbd2 Bd7 9. 0-0 Ne7 10. Ne1 0-0-0 11. Rb1 Qc7 12. Qc2 Kb8 13. g3 f6 14. f4 Be8 15. Ra1 fxe5 16. fxe5 Bg6 17. Qd1 Nf5 18. Ng2 h5 19. Rf3 Be7 20. b4 cxb3 21. Nxb3 Nxb3 22. Qxb3 h4 23. g4 Nh6 24. h3 Be4 25. Rf1 g5 26. Bb2 Rhf8 27. Rxf8 Rxf8 28. Rf1 Rxf1+ 29. Kxf1 Nf7 30. Ne3 Nd8 31. c4 Bf8 32. cxd5 Qf7+ 33. Kg1 exd5 34. Nf1 Qf4 35. Qc3 Nc6 36. Bc1 Nxd4 37. Bd1 Qxe5 38. Qe3 Bc5 0-1

[Event "EU-ch U16 23rd"]
[Site "Budva"]
[Date "2013.10.03"]
[Round "5"]
[White "Beks, Edmunds"]
[Black "Sidabras, Ignas"]
[Result "1-0"]
[WhiteElo "1923"]
[BlackElo "1738"]
[PlyCount "203"]
[EventDate "2013.09.29"]
[EventType "swiss"]
[EventRounds "9"]
[EventCountry "MNE"]
[SourceTitle "CBM 156 Extra"]
[Source "ChessBase"]
[SourceDate "2013.10.22"]
[SourceVersion "1"]
[SourceVersionDate "2013.10.22"]
[SourceQuality "1"]

1. e4 e6 2. d4 d5 3. e5 c5 4. c3 Qb6 5. a3 Nc6 6. Nf3 Bd7 7. b4 cxd4 8. cxd4 Rc8 9. Bb2 Nh6 10. Nbd2 Na5 11. Rc1 Rxc1 12. Qxc1 Nc6 13. Nb3 Be7 14. Nc5 Qc7 15. Bd3 0-0 16. 0-0 b6 17. Nxd7 Qxd7 18. Qc2 Nb8 19. Bxh7+ Kh8 20. Bd3 Rc8 21. Qd2 Nf5 22. Rc1 Rxc1+ 23. Qxc1 Qd8 24. Qc2 Qd7 25. g4 Nh4 26. Nxh4 Bxh4 27. Qc1 Qd8 28. f4 g6 29. g5 Kg7 30. Kf1 Qd7 31. Qd1 Qe8 32. Qg4 Qa4 33. Qe2 Qe8 34. b5 Qc8 35. Qg4 Qh8 36. Ke2 Bxg5 37. h3 Be7 38. f5 exf5 39. Bxf5 Qe8 40. Bd3 Qd7 41. Qxd7 Nxd7 42. Bc2 Nf8 43. Bb3 Ne6 44. Ke3 Nc7 45. a4 Bf8 46. Bc3 Be7 47. Kf3 Kh6 48. Kg3 Kg7 49. Bd2 Ne6 50. Be3 Nc7 51. Kg4 f6 52. Bf4 f5+ 53. Kf3 g5 54. Bg3 Kg6 55. Bc2 Ne6 56. Bf2 Nc7 57. Bd1 Ne6 58. Bb3 Nc7 59. Ke3 Kf7 60. Ba2 Kg6 61. Kf3 Kf7 62. Kg3 Kg6 63. Bb3 Kf7 64. Bd1 Kg6 65. Bf3 Bd8 66. Be1 Be7 67. Bd2 Ne6 68. Bc3 Nc7 69. Bg2 Kh6 70. Bf3 Kg6 71. Bd2 Ne6 72. Bc3 Nc7 73. Kf2 Bf8 74. Ke2 Ne6 75. Ke3 Nc7 76. Bd2 Bh6 77. Kd3 Bf8 78. Bc1 Be7 79. Bd2 Kf7 80. Bh5+ Ke6 81. Bc1 Na8 82. Ke3 g4 83. Kf4 gxh3 84. Kg3 h2 85. Kxh2 Bh4 86. Kg2 Nc7 87. Bg6 a6 88. bxa6 Nxa6 89. Kf3 Nb4 90. Bd2 Nd3 91. Bh7 Be1 92. Bg5 Bc3 93. Be3 Nb4 94. Bg8+ Ke7 95. Ke2 f4 96. Bf2 Nc6 97. Kd3 Bb2 98. Bxd5 Nxe5+ 99. dxe5 Bxe5 100. Bxb6 Bb8 101. Kd4 Kd6 102. Bf3 1-0

[Event "EU-ch U16 23rd"]
[Site "Budva"]
[Date "2013.09.30"]
[Round "2"]
[White "Gajek, Radoslaw"]
[Black "Beks, Edmunds"]
[Result "1-0"]
[WhiteElo "2247"]
[BlackElo "1923"]
[PlyCount "101"]
[EventDate "2013.09.29"]
[EventType "swiss"]
[EventRounds "9"]
[EventCountry "MNE"]
[SourceTitle "CBM 156 Extra"]
[Source "ChessBase"]
[SourceDate "2013.10.22"]
[SourceVersion "1"]
[SourceVersionDate "2013.10.22"]
[SourceQuality "1"]

1. e4 Nf6 2. e5 Nd5 3. d4 d6 4. Bc4 Nb6 5. Bb3 dxe5 6. Qh5 e6 7. dxe5 c5 8. Nd2 Qc7 9. c3 Nc6 10. f4 g6 11. Qe2 Be7 12. Ngf3 Bd7 13. 0-0 0-0-0 14. Ne4 Na5 15. Bc2 Nd5 16. Bd2 Qb6 17. b3 Kb8 18. Kh1 h6 19. Rad1 Bc6 20. c4 Nb4 21. Bb1 Bxe4 22. Qxe4 Nbc6 23. Bc3 Rxd1 24. Rxd1 Rd8 25. Rd2 Rxd2 26. Nxd2 Qd8 27. g4 Qd7 28. Kg2 Kc7 29. Qf3 b6 30. Qf2 Nd4 31. Bxd4 cxd4 32. Nf3 Nc6 33. Be4 Bc5 34. Qd2 a5 35. Bxc6 Kxc6 36. Qd3 Kb7 37. Qe4+ Ka7 38. Ne1 Qd8 39. Nd3 Qd7 40. Kf3 Kb8 41. Ke2 Qe8 42. Ne1 Kc7 43. Nf3 Qd7 44. Kd3 Qd8 45. h4 Qf8 46. g5 h5 47. Nxd4 Bxd4 48. Qxd4 Qa3 49. Qd6+ Qxd6+ 50. exd6+ Kxd6 51. Kd4 1-0

[Event "Palanga op"]
[Site "Palanga"]
[Date "2013.06.18"]
[Round "3"]
[White "Salna, Aleksandras"]
[Black "Beks, Edmunds"]
[Result "0-1"]
[WhiteElo "1653"]
[BlackElo "1922"]
[PlyCount "128"]
[EventDate "2013.06.17"]
[EventType "swiss"]
[EventRounds "9"]
[EventCountry "LTU"]
[SourceTitle "EXT 2014"]
[Source "ChessBase"]
[SourceDate "2013.11.20"]
[SourceVersion "1"]
[SourceVersionDate "2013.11.20"]
[SourceQuality "1"]

1. d4 d5 2. c4 dxc4 3. e3 a6 4. Bxc4 Nf6 5. Nf3 e6 6. 0-0 c5 7. b3 cxd4 8. Nxd4 Bd7 9. Bb2 Be7 10. Qf3 Nc6 11. Rd1 Qc7 12. Nd2 Nxd4 13. Bxd4 Bc6 14. Qg3 Qxg3 15. hxg3 0-0 16. Be2 Rac8 17. Bf3 Bxf3 18. Nxf3 Rc2 19. Ne1 Rc6 20. Nd3 Rfc8 21. Rac1 Ba3 22. Bb2 Bxb2 23. Rxc6 Rxc6 24. Nxb2 g6 25. Nc4 b5 26. Ne5 Rc2 27. a4 bxa4 28. bxa4 Ne4 29. Rd8+ Kg7 30. f3 Nxg3 31. Rd7 Nf5 32. Rxf7+ Kg8 33. e4 Ne3 34. Ra7 Rxg2+ 35. Kh1 Rg5 36. f4 Rh5+ 37. Kg1 Nc2 38. Rxa6 Nd4 39. Kf2 g5 40. Nf3 Nxf3 41. Kxf3 gxf4 42. Kxf4 Kf7 43. e5 Rf5+ 44. Ke4 Rh5 45. a5 Rh4+ 46. Kf3 Ra4 47. Kg3 h6 48. Kh3 Re4 49. Ra7+ Kg6 50. Re7 Rxe5 51. a6 Kf5 52. Rf7+ Kg5 53. Re7 Re3+ 54. Kg2 Kf5 55. a7 Ra3 56. Rf7+ Ke4 57. Rf6 Ra2+ 58. Kf1 e5 59. Rxh6 Rxa7 60. Rh3 Ra2 61. Ke1 Kd4 62. Rh8 e4 63. Rd8+ Ke3 64. Rd1 Rh2 0-1

[Event "Palanga op"]
[Site "Palanga"]
[Date "2013.06.17"]
[Round "1"]
[White "Beks, Edmunds"]
[Black "Misiuk, Emilija"]
[Result "1-0"]
[WhiteElo "1922"]
[BlackElo "1475"]
[PlyCount "67"]
[EventDate "2013.06.17"]
[EventType "swiss"]
[EventRounds "9"]
[EventCountry "LTU"]
[SourceTitle "EXT 2014"]
[Source "ChessBase"]
[SourceDate "2013.11.20"]
[SourceVersion "1"]
[SourceVersionDate "2013.11.20"]
[SourceQuality "1"]

1. e4 c5 2. Nf3 Nc6 3. Bb5 g6 4. 0-0 Bg7 5. Bxc6 bxc6 6. c4 e6 7. d3 Ne7 8. Qc2 0-0 9. Be3 Qb6 10. Nc3 d5 11. Na4 Qc7 12. Nxc5 Rb8 13. Rab1 Qd6 14. d4 Rb4 15. b3 dxe4 16. Qxe4 Nf5 17. Bf4 Qd8 18. Rbd1 Rb6 19. Be5 f6 20. Bf4 Nd6 21. Qc2 f5 22. Rfe1 Re8 23. Ng5 Bh6 24. Ngxe6 Bxe6 25. Bxh6 Bf7 26. Bf4 Rxe1+ 27. Rxe1 Nb7 28. Nd3 Na5 29. Qc3 Nb7 30. Be3 Ra6 31. Nb4 Qa5 32. Bd2 c5 33. Nxa6 Qxa6 34. d5 1-0

[Event "Plunge op 32nd"]
[Site "Plunge"]
[Date "2012.07.22"]
[Round "9"]
[White "Zebelis, Rimantas"]
[Black "Beks, Edmunds"]
[Result "1/2-1/2"]
[WhiteElo "1917"]
[BlackElo "1811"]
[PlyCount "91"]
[EventDate "2012.07.16"]
[EventType "swiss"]
[EventRounds "9"]
[EventCountry "LTU"]
[SourceTitle "EXT 2013"]
[Source "ChessBase"]
[SourceDate "2012.11.22"]
[SourceVersion "1"]
[SourceVersionDate "2012.11.22"]
[SourceQuality "1"]

1. d4 Nf6 2. Nf3 c6 3. c4 d5 4. Nc3 e6 5. e3 Nbd7 6. Bd3 dxc4 7. Bxc4 b5 8. Bd3 a6 9. Qe2 c5 10. 0-0 Bb7 11. Rd1 c4 12. Bb1 Qc7 13. e4 Bb4 14. Bg5 h6 15. Bh4 Nh5 16. e5 Nf4 17. Qe3 Bxc3 18. bxc3 Nd5 19. Qe1 Qa5 20. Be4 Rb8 21. Rdc1 N7b6 22. a3 Na4 23. Bxd5 Bxd5 24. Qe3 Qc7 25. Nd2 Qb7 26. f3 Nb2 27. Rcb1 Nd3 28. Ne4 Bxe4 29. fxe4 0-0 30. Be1 f5 31. exf6 Rxf6 32. Bg3 Rbf8 33. a4 Qb6 34. axb5 axb5 35. e5 R6f7 36. Qe4 Re8 37. h3 Rd7 38. Kh2 b4 39. Ra4 Qb5 40. Ra8 Rdd8 41. Rxd8 Rxd8 42. Bh4 Rf8 43. Be7 Rf7 44. Qa8+ Kh7 45. Qe4+ Kg8 46. Qa8+ 1/2-1/2